MDQL
is popping MORE tags! Check the
thread
!
Quizzes
Events
Quiz Creation
Community
Videos
Private Events
Remove Ads
Sign In
Join for FREE
Feedback
Dark Mode
Quiz Categories
Sports
Geography
Music
Movies
Television
Just For Fun
Miscellaneous
History
Literature
Language
Science
Gaming
Entertainment
Religion
Holiday
For Kids
Quiz Lab
Recent
Popular Today
Quiz Kudos Today
Editor Picks
Curator Picks
Quizzes by...
Day
Popularity
Type
Ratings
Length
Year
Community
Subscriptions
Recent Discussions
Orange Saloon
Badges
Playlists
Quests
Create
Leaderboards
Showdown
Live 5
Trivia Bingo
Activity
Puzzle Library
Sporcle Events
Private Events
Virtual Trivia
Globe League
Become a Host
Pub Owners
SporcleCon
Opinionation
Our Games
Videos
Blog
Mobile Apps
Partnerships
Remove Ads and Go Orange
Feedback
Gaming
Video Games
Board Games
Card Games
Pokémon
Mario
Nintendo
Minecraft
Console
Toys
Legend of Zelda
Gaming
Video Games
Board Games
Card Games
Pokémon
Mario
Nintendo
Minecraft
Console
Toys
Legend of Zelda
Random Quiz
Search Sporcle
×
Quiz Lab
Quiz Lab
Gaming
War
Type in answers that appear in a list
Type in answers that appear in a list
Classic
Best Score? Go Orange.
God of War Weapons & Magic Stats
Can you name the God of War Weapons?
By
Cheeseknight
5m
20 Questions
588 Plays
588 Plays
588 Plays
Comments
Comments
Give Quiz Kudos
Give Quiz Kudos
-
- Ratings
hide this ad
Replay
Link that replays current quiz
Next Quiz
Link to next quiz in quiz playlist
You Got
0%
They Got
Avg Score
47%
Avg Friend Score
Upgrade to see
Score Distribution
Jump to the score distribution portion of the page
Score
0/20
Timer
05:00
0
Plays Today
Game of Origin
Answer
% Correct
God of War
Blades of Chaos
87.2%
Chains of Olympus
Blades of Chaos
87.2%
God of War 2
Blades of Athena
76.8%
God of War 2
Blade of Olympus
61.5%
God of War 2
Head of Euryale
61.2%
God of War
Medusa's Gaze
60.5%
God of War
Blade of Artemis
57.8%
God of War
Poseidon's Rage
57.1%
God of War 2
Barbarian Hammer
54.9%
God of War 2
Spear of Destiny
52.6%
Game of Origin
Answer
% Correct
God of War
Army of Hades
48%
God of War 2
Cronos' Rage
42.9%
God of War 2
Typhon's Bane
41.1%
God of War 2
Atlas Quake
40.9%
God of War
Zeus' Fury
37.8%
Chains of Olympus
Gauntlet of Zeus
26.4%
Chains of Olympus
Efreet
19.6%
Chains of Olympus
Sun Shield
15.8%
Chains of Olympus
Light of Dawn
14.7%
Chains of Olympus
Charon's Wrath
13.8%
Quiz Playlist
Details
Report
Send in Message
Add To Playlist
Classic:
Type in answers that appear in a list
Quiz Source
Last Updated: Feb 16, 2017
Quiz Scoreboard
CHALLENGE
Sign Up to Join the Scoreboard
Show All
Scores
Hide
Comments
May contain spoilers
Recently Published
Colored Red Africa Blitz
by spor1
Geography
30s
Find the 'City' Movie
by crazypaving
Movies
60s
5x2 Blitz: Bands
by SL_Kpop136
Music
30s
More to Explore
Quiz From the Vault
Featured Blog Post
14 Easter Pick-up Lines to Find Eggs With
hide this ad
You Might Also Like...
Tags
Board Games Quiz
War Quiz
god
magic
origin
War Weapons
Weapons
Today's Top Quizzes in Gaming
Browse Gaming
hide this ad
Today's Top Quizzes in War
Browse War
Top Contributed Quizzes in Gaming
1
League of Legends Pro Players by Career/Team History
2
Genshin murder mystery
3
Destiny 2 exotic weapons by perk icons
4
Dead By Daylight Logic Puzzle
5
Genshin Impact Logic Puzzle
6
Valorant Agent Developer Names (Up to Clove)
7
Overwatch 2: Ultimate Ability Icons
8
Who's on the WWE 2K24 Cover?
9
Genshin Impact Logic Puzzle Quiz II
10
4x4 Decades: Video Games
Explore More
Trending Topics
Marvel
Crossword
Anime
Harry Potter
Disney
NBA
Kpop
The Office
WWE
Song
Soccer
Country
Pokémon
Puzzle
NFL
hide this ad
More By:
Cheeseknight
Quiz
Plays
Rating
Category
Featured
Created
Legend of Zelda Swords
21,657
3.71
Gaming
Nov 6, 2009
Video Game Plot Twists
3,376
3.87
Gaming
Oct 21, 2009
IGN's Top 100 NES Games
1,658
4.27
Gaming
Oct 19, 2009
Video Game Plot Twists II
818
4.22
Gaming
Jul 25, 2010
God of War Weapons & Magic
588
3.00
Gaming
Sep 27, 2009
Go to Creator's Profile
Score Distribution
Quiz Creator Spotlight
Cheeseknight
Follow
Send a Message
Quizzes Created
-
Created Quiz Play Count
-
More By This Creator
Popular Quizzes Today
1
Colored Red Africa Blitz
2
Find the 'City' Movie
3
5x2 Blitz: Bands
4
Find the US States - No Outlines Minefield
5
The Countries of the World
6
Find the US States
7
US States
8
Find the Countries of Europe - No Outlines Minefield
More Gaming Quizzes
Animals in Lego Bricks
Editor's Pick
Trending Quizzes
Colored Red Europe Blitz I
Colored Red Europe Blitz II
Colored Red Africa Blitz II
Colored Red Europe Blitz III
Colored Red Africa Blitz III
Recently Updated
How Do You Spell That?
pecheneg
Godzilla Movies
pecheneg
Grab Bag: 4-10 Letters
pecheneg
2024 March Madness Bracket
pecheneg
Famous TV Couples
Peacemaker
Champions League XIs: Real Madrid
pecheneg
Largest US Cities 1790-2010
pecheneg
Rides in Walt Disney World
pecheneg
Most Oscar Losses (Acting)
pecheneg
Beyoncé Albums
pecheneg
Trending Topics
Marvel
Anime
Crossword
NBA
Kpop
Disney
Harry Potter
Pokémon
Puzzle
NFL
Soccer
The Office
Song
WWE
Country
Your Account Isn't Verified!
In order to create a playlist on Sporcle, you need to verify the email address you used during registration. Go to your
Sporcle Settings
to finish the process.
Report this User
Report this user for behavior that violates our
Community Guidelines
.
Details:
Send Report
Go to the Sporcle.com Mobile Site →
Comments